[Event "LSS OP-2008-0-00474"]
[Site "LSS email"]
[Date "2008.02.08"]
[Round "?"]
[White "Heiligstedt, Sebastian"]
[Black "Szenczy, Sandor"]
[Result "1-0"]
[WhiteElo "1715"]
[BlackElo "1794"]
[PlyCount "87"]
[EventDate "2008.02.06"]
[EventType "tourn (corr)"]
[EventRounds "4"]
[EventCountry "GER"]
[SourceTitle "Corr 2011"]
[Source "ChessBase"]
[SourceDate "2010.08.31"]
[SourceVersion "1"]
[SourceVersionDate "2010.08.31"]
[SourceQuality "1"]

1. Nc3 d5 2. Nf3 Nf6 3. d4 g6 4. Bf4 Bg7 5. h3 0-0 6. e3 c5 7. Bd3 c4 8. Be2 Nc6 9. Ne5 Qb6 10. 0-0 Qxb2 11. Qd2 Rd8 12. Rfb1 Qa3 13. Nb5 Ne4 14. Qe1 Qa5 15. Qxa5 Nxa5 16. f3 Nf6 17. Nc7 Rb8 18. Rb5 b6 19. Rxa5 bxa5 20. Nc6 Bf5 21. Nxb8 Rxb8 22. Nxd5 Re8 23. Bxc4 Nxd5 24. Bxd5 Rd8 25. Rb1 Bxd4 26. exd4 Rxd5 27. Rb8+ Kg7 28. c4 Rd7 29. g4 Bd3 30. Rc8 f6 31. d5 a4 32. a3 Kf7 33. Kf2 Rb7 34. h4 e5 35. Bc1 Rb1 36. Be3 Rb2+ 37. Kg3 Rb3 38. Rc7+ Ke8 39. d6 Be4 40. fxe4 Rxe3+ 41. Kf2 Rxa3 42. Rxh7 Ra2+ 43. Ke3 a3 44. h5 1-0

[Event "LSS OP-2008-0-00474"]
[Site "LSS email"]
[Date "2008.02.08"]
[Round "?"]
[White "Mennealy, Scott"]
[Black "Heiligstedt, Sebastian"]
[Result "1-0"]
[WhiteElo "1940"]
[BlackElo "1715"]
[PlyCount "95"]
[EventDate "2008.02.06"]
[EventType "tourn (corr)"]
[EventRounds "4"]
[EventCountry "GER"]
[SourceTitle "Corr 2011"]
[Source "ChessBase"]
[SourceDate "2010.08.31"]
[SourceVersion "1"]
[SourceVersionDate "2010.08.31"]
[SourceQuality "1"]

1. d4 Nf6 2. c4 e6 3. Nc3 Bb4 4. Qc2 Nc6 5. Nf3 0-0 6. a3 Ne4 7. axb4 Nd6 8. Ra4 h6 9. e4 Ne8 10. b5 Ne7 11. Bd3 d6 12. 0-0 Bd7 13. Be3 c6 14. bxc6 Nxc6 15. b4 a5 16. bxa5 e5 17. d5 Nd4 18. Nxd4 Bxa4 19. Nxa4 Qxa5 20. Nb6 Qxb6 21. Ne6 Qa5 22. Nxf8 Kxf8 23. Qb2 Qc7 24. Rb1 Nf6 25. Qb4 Nd7 26. Qxb7 Qxb7 27. Rxb7 Ra1+ 28. Bb1 Ke8 29. f4 f6 30. f5 Kd8 31. Kf2 Kc8 32. Rb4 Kc7 33. Ke2 Kd8 34. Kd3 Kc7 35. g4 Ra3+ 36. Kd2 Ra1 37. h4 Kc8 38. Kc2 Ra3 39. Rb3 Ra4 40. Kc3 Kc7 41. Bc1 Nb6 42. Bd3 Nd7 43. Ra3 Nc5 44. Rxa4 Nxa4+ 45. Kb4 Nc5 46. Bc2 Na6+ 47. Kb5 Nc5 48. Be3 1-0

[Event "CFriend AP-2004-Q-00015 email"]
[Site "Chessfriend.com"]
[Date "2004.07.10"]
[Round "?"]
[White "Helbich, Jan"]
[Black "Heiligstedt, Sebastian"]
[Result "1-0"]
[WhiteElo "2167"]
[BlackElo "1986"]
[PlyCount "73"]
[EventDate "2004.??.??"]
[EventType "tourn (corr)"]
[EventRounds "12"]
[SourceTitle "Corr 2008"]
[Source "ChessBase"]
[SourceDate "2008.06.24"]
[SourceVersion "1"]
[SourceVersionDate "2008.06.24"]
[SourceQuality "1"]

1. e4 e6 2. d4 d5 3. Nc3 Bb4 4. e5 b6 5. Qg4 g6 6. Bg5 Ne7 7. Nf3 Qd7 8. Qf4 h6 9. Bf6 Rh7 10. Qd2 Ng8 11. a3 Bxc3 12. Qxc3 Nxf6 13. exf6 Qc6 14. Qxc6+ Nxc6 15. Bb5 Bd7 16. Bxc6 Bxc6 17. Ne5 Bd7 18. h4 c5 19. dxc5 bxc5 20. b4 Rc8 21. Kd2 Kd8 22. h5 g5 23. Rhb1 c4 24. Kc3 Rb8 25. a4 Kc7 26. b5 Be8 27. Kd4 Kd6 28. a5 Rxb5 29. Rxb5 Bxb5 30. a6 Bc6 31. Rb1 Kc7 32. Kc5 Ba8 33. f3 g4 34. Nxg4 Rh8 35. Ne5 c3 36. Rb4 Rf8 37. Rg4 1-0

[Event "CFriend AP-2004-Q-00015 email"]
[Site "Chessfriend.com"]
[Date "2004.07.10"]
[Round "?"]
[White "Melendez Padilla, Isabelo"]
[Black "Heiligstedt, Sebastian"]
[Result "1-0"]
[WhiteElo "1750"]
[BlackElo "1986"]
[PlyCount "23"]
[EventDate "2004.??.??"]
[EventType "tourn (corr)"]
[EventRounds "12"]
[SourceTitle "Corr 2008"]
[Source "ChessBase"]
[SourceDate "2008.06.24"]
[SourceVersion "1"]
[SourceVersionDate "2008.06.24"]
[SourceQuality "1"]

1. e4 e6 2. d4 d5 3. Nc3 Bb4 4. e5 c5 5. Bd2 Ne7 6. a3 Bxc3 7. Bxc3 b6 8. Nf3 Ba6 9. Bxa6 Nxa6 10. 0-0 0-0 11. Re1 Nf5 12. Qe2 1-0

[Event "CFriend RI-2004-0-00022 email"]
[Site "Chessfriend.com"]
[Date "2004.07.08"]
[Round "?"]
[White "Heiligstedt, Sebastian"]
[Black "Elias, Holger"]
[Result "0-1"]
[WhiteElo "1986"]
[BlackElo "1387"]
[PlyCount "52"]
[EventDate "2004.??.??"]
[EventType "tourn (corr)"]
[EventRounds "6"]
[SourceTitle "Corr 2008"]
[Source "ChessBase"]
[SourceDate "2008.06.24"]
[SourceVersion "1"]
[SourceVersionDate "2008.06.24"]
[SourceQuality "1"]

1. e4 c6 2. d4 d5 3. Nd2 dxe4 4. Nxe4 Bf5 5. Nf3 Bg6 6. Qe2 e6 7. Qe3 Nd7 8. c3 Be7 9. Bd3 Ngf6 10. Bd2 Qc7 11. 0-0 0-0-0 12. Rac1 Nxe4 13. Bxe4 Bd6 14. Qe2 Nf6 15. Bc2 Bh5 16. h3 Kb8 17. Qd3 Rhe8 18. Qe3 e5 19. Bd1 exd4 20. Qg5 Bg6 21. cxd4 Ne4 22. Qa5 Nxd2 23. Qxd2 Bf4 24. Qc3 Bxc1 25. Qxc1 f6 26. b4 h6 0-1

[Event "CFriend RI-2004-0-00022 email"]
[Site "Chessfriend.com"]
[Date "2004.07.08"]
[Round "?"]
[White "Kovacevic, Antonijo"]
[Black "Heiligstedt, Sebastian"]
[Result "0-1"]
[WhiteElo "1935"]
[BlackElo "1986"]
[PlyCount "44"]
[EventDate "2004.??.??"]
[EventType "tourn (corr)"]
[EventRounds "6"]
[SourceTitle "Corr 2008"]
[Source "ChessBase"]
[SourceDate "2008.06.24"]
[SourceVersion "1"]
[SourceVersionDate "2008.06.24"]
[SourceQuality "1"]

1. d4 Nf6 2. c4 e6 3. Nc3 Bb4 4. Qc2 c5 5. dxc5 0-0 6. a3 Bxc5 7. Nf3 Nc6 8. Bg5 Nd4 9. Nxd4 Bxd4 10. e3 Qa5 11. exd4 Qxg5 12. Qd2 Qh4 13. g3 Qh5 14. Qe2 Qf5 15. Bg2 d5 16. cxd5 exd5 17. 0-0 Re8 18. Qf3 Qc2 19. Nxd5 Nxd5 20. Qxd5 Qxb2 21. Qc5 Qe2 22. Rab1 a5 0-1